LEADER 01022nam a2200241 i 4500 001 000000124642 003 CaOOAMICUS 005 20040326000000.0 008 040326s1926 it u000 u ita u 013 $a97339 040 $aSeMil$bita 100 1 $aMonaci Guidotti, Enrichetta.$0(OLS)http://semarc/name/51796 245 10$aS. Teresa del Bambin Gesù /$cEnrichetta Monaci Guidotti. 260 $aTorino [etc.] :$bSEI,$c1926. 300 $a184 p., [1] p. di ritratto ;$c17 cm. 490 0 $aLe vite dei santi narrate ai giovani 600 04$aTeresa : del Bambino Gesù .$0(OLS)http://semarc/subject/1572 830 3$aLe vite dei santi narrate ai giovani.$0(OLS)http://semarc/title/14262 850 $aSeMil 852 $aSeMil$W1$xVenegono$y1$m54 101 9 *$j79184$B79184$CSeMilBibl$Z2$F81326 $81 961 $aRecupero: Biblioteca Seminario Saronno 996 $6245$aS. Teresa del Bambin Gesù$9(OLS)http://semarc/title/183439 996 $6260$aTorino [etc.] :$bSEI$9(OLS)http://semarc/publisher/32375 LEADER 01330nam a2200301 i 4500 001 000000110355 003 CaOOAMICUS 005 20231213110432.0 008 140902s1998 it u000 u ita u 013 $a83036 020 $a88-10-40733-4 040 $aSeMil$bita 100 1 $aManns, Frédéric,$c.$0(OLS)http://semarc/name/90520 240 12$aL'Israel de Dieu : essais sur le christianisme primitif.$0(OLS)http://semarc/title/160407 245 12$aL'Israele di Dio :$bsinagoga e chiesa alle origini cristiane /$cFrédéric Manns. 260 $aBologna :$bEDB,$c1998. 300 $a374 p. ;$c22 cm. 490 0 $aStudi biblici ;$v32 650 4$aCristianesimo e ebraismo.$0(OLS)http://semarc/subject/44782 650 4$aChiesa primitiva e delle origini .$0(OLS)http://semarc/subject/1281 830 0$aStudi biblici ;$v32.$0(OLS)http://semarc/title/438659 850 $aSeMil 852 $aSeMil$W1$xVenegono$y1$m2YA V 32$j263923$B66253$CSeMilBibl$Z2$F76709 $81 961 $aOmaggio: Giudici Ecc. Giovanni 996 $6020$a88-10-40733-4$9(OLS)http://semarc/number/80576 996 $6245$aL'Israele di Dio :$bsinagoga e chiesa alle origini cristiane$9(OLS)http://semarc/title/160406 996 $6260$aBologna :$bEDB$9(OLS)http://semarc/publisher/29669